Disney Movies Of The 1940's - Statistics

General Stats
  • This quiz has been taken 36 times
  • The average score is 8 of 14
Answer Stats
Year Movie % Correct
1940 Fantasia
100%
1942 Bambi
86%
1941 Dumbo
86%
1940 Pinocchio
83%
1945 The Three Caballeros
55%
1948 Melody Time
48%
1943 Saludos Amigos
48%
1946 Song Of The South
48%
1947 Fun And Fancy Free
45%
1946 Make Mine Music
41%
1949 The Adventures Of Ichabod And Mr. Toad
41%
1948 So Dear To My Heart
31%
1941 The Reluctant Dragon
31%
1943 Victory Through Air Power
31%
No matching quizzes found
Score Distribution
Percent of People with Each Score
Percentile by Number Answered
Your Score History
You have not taken this quiz